000 00534nam a2200193Ia 4500
005 20250508162809.0
008 008 250505s9999 xx 000 0 hin d
037 _aReference
040 _aFEDL
_beng
_cFEDL
041 _ahin
_2hin
084 _a423, TIW
_qFEDL
100 _aTiwari Bholanath
245 0 _aAngrezi-hindi muhawara lokokti kosh
260 _aDelhi, India
_bPrabhat Prakashan
_c1988
300 _a591p.
700 _a Nath Diwjendra
_9774074
942 _cREF
_h423, TIW
999 _c1378733
_d1378733